000 00405cam a22001097a 4500
008 180718b1972 xxu||||| |||| 00| 0 eng d
082 _aR2303x5452 T152r/1968
245 _aReport on the working of theminimum wages act in the state of Tamil NAdu
_cby Commissioner of Labour
260 _aTamilnadu
_bThe Director of Stationery And Printing
_c1972
300 _a38p.
700 _aChennai. Commissioner of Labour
999 _c497087
_d497087